000 00597nas a2200217 4500
001 BR9104276
003 BR-BrBNA
005 20231205092153.0
007 ta
008 230509b bl.|||p| |||| 00| 00por d
040 _aBR-BrBNA
_bpor
_cBiblioteca Nacional de Agricultura
041 _a(Pt)
072 _aN20
100 1 _aAnon.
245 1 _aCerca eletrica: um choque nos custos
650 _aCERCA ELETRICA
650 _aCUSTO
773 0 _tGranja (Brazil)
_xISSN 0367-505X
_g(Aug 1990), v. 46(506) p. 40-46
_wBR9104276
909 _a202311
_bLúcia
_c55
_dLúcia Elande
942 _2AGRIS
_n0
_cANA
999 _c129829
_d129829